[Event "First Saturday of May tournament, IM group"]
[Site "Budapest"]
[Date "2000.05.06"]
[Round "1"]
[White "Hönig, Alexander"]
[Black "Geenen, Marc"]
[Result "1/2-1/2"]
[WhiteElo "2246"]
[BlackElo "2358"]
[EventDate "2000.05.06"]
[Source "365chess.com"]

1. d4 Nf6 2. Nf3 g6 3. Bf4 Bg7 4. e3 O-O 5. h3 d6 6. c4 Nfd7 7. Nc3 e5 8. dxe5
dxe5 9. Bh2 Nc6 10. Be2 Nc5 11. Nd5 a5 12. O-O Bf5 13. Qd2 Nb4 14. Rfd1 c6
15. Nc3 Qe7 16. Qd6 1/2-1/2

[Event "First Saturday of May tournament, IM group"]
[Site "Budapest"]
[Date "2000.05.07"]
[Round "2"]
[White "Rajlich, Vasik"]
[Black "Geenen, Marc"]
[Result "1/2-1/2"]
[WhiteElo "2309"]
[BlackElo "2358"]
[EventDate "2000.05.06"]
[Source "365chess.com"]

1. d4 d5 2. c4 dxc4 3. Nf3 c5 4. e3 cxd4 5. exd4 Be6 6. Nc3 Nf6 7. Ng5 Bd5
8. Nxd5 Qxd5 9. Qc2 e6 10. Qxc4 Nc6 11. Qxd5 Nxd5 12. Nf3 Ndb4 13. Kd2 Rd8
14. Kc3 Rc8 15. Bb5 a6 16. Bxc6+ Rxc6+ 17. Kb3 Be7 18. Be3 O-O 19. Ne5 Rc7
20. Rac1 Rfc8 21. Rxc7 Rxc7 1/2-1/2

[Event "First Saturday of May tournament, IM group"]
[Site "Budapest"]
[Date "2000.05.08"]
[Round "3"]
[White "Geenen, Marc"]
[Black "Wolter, Kai"]
[Result "1/2-1/2"]
[WhiteElo "2358"]
[BlackElo "2356"]
[EventDate "2000.05.06"]
[Source "365chess.com"]

1. e4 c5 2. Nf3 e6 3. d4 cxd4 4. Nxd4 Nc6 5. Nb5 d6 6. Bf4 e5 7. Be3 a6 8. N5c3
Nf6 9. Bg5 Be7 10. Nd2 O-O 11. Nc4 b5 12. Bxf6 Bxf6 13. Qxd6 Nd4 14. Qxd8 Rxd8
15. Ne3 Bg5 16. Bd3 Bb7 17. h4 Bxe3 18. fxe3 Ne6 19. O-O-O Nc5 20. b4 Nxd3+
21. cxd3 Rac8 22. Kb2 Rc6 23. Rd2 Rg6 24. d4 Rg3 25. Rh3 Rxh3 26. gxh3 Bc8
27. a4 Bxh3 28. axb5 axb5 29. Nxb5 1/2-1/2

[Event "First Saturday of May tournament, IM group"]
[Site "Budapest"]
[Date "2000.05.10"]
[Round "5"]
[White "Geenen, Marc"]
[Black "Cooke, Eric"]
[Result "1-0"]
[WhiteElo "2358"]
[BlackElo "2266"]
[EventDate "2000.05.06"]
[Source "365chess.com"]

1. e4 e6 2. d4 d5 3. Nd2 Nf6 4. e5 Nfd7 5. c3 c5 6. Bd3 Nc6 7. Ne2 cxd4 8. cxd4
Qb6 9. Nf3 f6 10. exf6 Nxf6 11. O-O Bd6 12. Bf4 Qc7 13. g3 O-O 14. Re1 Ng4
15. Bxd6 Qxd6 16. Nf4 e5 17. dxe5 Qh6 18. h3 Rxf4 19. gxf4 Qxh3 20. e6 Ne7
21. Qa4 Bxe6 22. Rxe6 Qxf3 23. Qc2 Qxf4 24. Rxe7 Qh2+ 25. Kf1 Qh1+ 26. Ke2 Qxa1
27. Bxh7+ Kh8 28. Qc3 Nf6 29. Bf5 1-0

[Event "First Saturday of May tournament, IM group"]
[Site "Budapest"]
[Date "2000.05.11"]
[Round "6"]
[White "Kritz, Leonid"]
[Black "Geenen, Marc"]
[Result "1/2-1/2"]
[WhiteElo "2281"]
[BlackElo "2358"]
[EventDate "2000.05.06"]
[Source "365chess.com"]

1. e4 e5 2. Nf3 Nc6 3. Bc4 Bc5 4. c3 Nf6 5. d4 exd4 6. cxd4 Bb4+ 7. Bd2 Bxd2+
8. Nbxd2 d5 9. exd5 Nxd5 10. Qb3 Na5 11. Qa4+ Nc6 12. O-O Nb6 13. Rfe1+ Be6
14. Qc2 Nxc4 15. Nxc4 O-O 16. Rad1 Bd5 17. Nfe5 Re8 18. Ne3 Ne7 19. f4 f6
20. Nd3 Bf7 21. Nc5 b6 22. Na6 Nd5 23. Nxd5 Rxe1+ 24. Rxe1 Qxd5 25. Qc3 Rd8
26. Re7 Qxd4+ 27. Qxd4 Rxd4 28. Rxc7 Bxa2 29. f5 Rd1+ 30. Kf2 Rd2+ 31. Kg1 Rd1+
32. Kf2 Rd2+ 33. Kg1 h5 34. Nb4 Rxb2 35. Rxa7 Bb1 36. Nd5 Be4 37. Nf4 b5 38. Re7
Bxf5 39. Nxh5 Kf8 40. Rxg7 b4 41. Rb7 Rxg2+ 42. Kf1 Bd3+ 43. Ke1 Re2+ 44. Kd1
Rxh2 45. Nxf6 b3 46. Nd7+ Ke8 47. Nf6+ Kf8 48. Nd7+ 1/2-1/2

[Event "First Saturday of May tournament, IM group"]
[Site "Budapest"]
[Date "2000.05.12"]
[Round "7"]
[White "Geenen, Marc"]
[Black "Yu Mingyuan"]
[Result "1/2-1/2"]
[WhiteElo "2358"]
[BlackElo "2419"]
[EventDate "2000.05.06"]
[Source "365chess.com"]

1. e4 c5 2. Nf3 e6 3. d4 cxd4 4. Nxd4 a6 5. c4 Qc7 6. Nc3 Nc6 7. Be2 Nf6 8. O-O
d6 9. Be3 Be7 10. Rc1 O-O 11. Nd5 exd5 12. cxd5 Bd7 13. Bf3 Rac8 14. dxc6 bxc6
15. e5 dxe5 16. Nxc6 Bxc6 17. Rxc6 Qa5 1/2-1/2

[Event "First Saturday of May tournament, IM group"]
[Site "Budapest"]
[Date "2000.05.15"]
[Round "10"]
[White "Resika, Nathan"]
[Black "Geenen, Marc"]
[Result "1/2-1/2"]
[WhiteElo "2190"]
[BlackElo "2358"]
[EventDate "2000.05.06"]
[Source "365chess.com"]

1. e4 e5 2. Nf3 Nc6 3. Bc4 Bc5 4. Qe2 Nf6 5. d3 O-O 6. O-O Re8 7. c3 h6 8. Re1
Ng4 9. Rf1 Nf6 10. Re1 Ng4 11. Rf1 1/2-1/2

[Event "First Saturday of May tournament, IM group"]
[Site "Budapest"]
[Date "2000.05.18"]
[Round "13"]
[White "Geenen, Marc"]
[Black "Pilgaard, Kim"]
[Result "1/2-1/2"]
[WhiteElo "2358"]
[BlackElo "2377"]
[EventDate "2000.05.06"]
[Source "365chess.com"]

1. e4 e5 2. Nf3 Nc6 3. Bb5 a6 4. Bxc6 dxc6 5. O-O f6 6. d4 Bg4 7. dxe5 Qxd1
8. Rxd1 fxe5 9. Rd3 Bd6 10. Nbd2 b5 11. b3 Nf6 12. Bb2 Nd7 13. g3 O-O 14. Kg2 h6
15. h3 Be6 16. Rf1 Rf7 17. Ne1 c5 18. c4 Rb8 19. Rc3 Nb6 20. Nd3 Rd8 21. Rc2 Nd7
22. f4 exf4 23. gxf4 g6 24. Ba3 b4 25. Bc1 1/2-1/2

[Event "First Saturday of May tournament, FM group"]
[Site "Budapest"]
[Date "2000.05.06"]
[Round "1"]
[White "Lakat, Gyula"]
[Black "Van Hoolandt, Patrick"]
[Result "1-0"]
[WhiteElo "2031"]
[BlackElo "2098"]
[EventDate "2000.05.06"]
[Source "365chess.com"]

1. e4 e5 2. Nf3 Nc6 3. Bb5 Nf6 4. O-O Bc5 5. d3 d6 6. h3 O-O 7. Nc3 a6 8. Bxc6
bxc6 9. Be3 Bb6 10. d4 exd4 11. Nxd4 Re8 12. Nxc6 Qd7 13. Nb4 Bxe3 14. fxe3 Rb8
15. Nbd5 Nxe4 16. Nxe4 Rxe4 17. Qd3 Re5 18. b3 Bb7 19. c4 Rbe8 20. Rf3 c6
21. Nf4 d5 22. Rd1 Qe7 23. cxd5 cxd5 24. Rg3 g6 25. Qd4 Rxe3 26. Nxd5 Re1+
27. Kh2 Bxd5 28. Rxe1 Qxe1 29. Qxd5 Qc1 30. Qc4 Qa3 31. b4 Qa4 32. Rf3 Re7
33. Rf6 a5 34. Rb6 axb4 35. Rxb4 Qd1 36. Rb8+ Kg7 37. Qc3+ f6 38. Rb6 Qf1
39. Qb4 Qe2 40. Qf4 Rf7 41. a4 Qe5 42. Qxe5 fxe5 43. a5 e4 44. Rb3 Kf6 45. a6
Ra7 46. Ra3 Ke5 47. Kg3 Kd4 48. Kf2 e3+ 49. Ke2 Kd5 50. Kxe3 Ke5 51. Ra5+ Ke6
52. Ke4 Kd6 53. g4 Ke6 54. h4 Kd6 55. g5 Ke6 56. Ra1 Kd6 57. Rf1 Kc5 58. Rf6
Re7+ 59. Kf4 Kd5 60. Kf3 Ra7 1-0

[Event "First Saturday of May tournament, FM group"]
[Site "Budapest"]
[Date "2000.05.07"]
[Round "2"]
[White "Van Hoolandt, Patrick"]
[Black "Kievelitz, Bernd"]
[Result "1-0"]
[WhiteElo "2098"]
[BlackElo "2168"]
[EventDate "2000.05.07"]
[Source "365chess.com"]

1. c4 e6 2. Nf3 b6 3. g3 Bb7 4. Bg2 Nf6 5. O-O c5 6. b3 Be7 7. Bb2 O-O 8. e3
Qc7 9. Qe2 d5 10. Nc3 a6 11. Rfd1 Nbd7 12. Rac1 Rad8 13. cxd5 exd5 14. d4 Qb8
15. dxc5 Nxc5 16. Nd4 Rfe8 17. b4 Nce4 18. b5 Nxc3 19. Bxc3 axb5 20. Qxb5 Bc5
21. Nb3 Ba3 22. Rb1 Rd6 23. Na5 Red8 24. Be5 1-0

[Event "First Saturday of May tournament, FM group"]
[Site "Budapest"]
[Date "2000.05.08"]
[Round "3"]
[White "Antok, Daniel"]
[Black "Van Hoolandt, Patrick"]
[Result "1-0"]
[WhiteElo "2143"]
[BlackElo "2098"]
[EventDate "2000.05.08"]
[Source "365chess.com"]

1. e4 e5 2. Nc3 Nf6 3. f4 d5 4. fxe5 Nxe4 5. d3 Nxc3 6. bxc3 d4 7. Nf3 Nc6
8. cxd4 Nxd4 9. c3 Nxf3+ 10. Qxf3 c6 11. d4 Be6 12. Bd3 Qh4+ 13. Qf2 Qxf2+
14. Kxf2 Be7 15. Bf4 O-O-O 16. Rhd1 Ba3 17. Rd2 h6 18. Be4 Rd7 19. h3 Rhd8
20. Rad1 g5 21. Bg3 Bd5 22. Ke3 Rf8 23. Bxd5 cxd5 24. Rf2 Kd8 25. Rdf1 Ke8
26. Kd3 Re7 27. Rb1 Rd7 28. Rbf1 Re7 29. Kc2 Re6 30. Rb1 b6 31. Rb5 Rc6 32. Rxd5
Bb4 33. Rf3 Ke7 34. Rb5 Ba5 35. Rb1 Rfc8 36. Be1 Rc4 37. Kb3 a6 38. Bd2 b5
39. Rbf1 Rf8 40. Rf6 h5 41. e6 Rc6 42. Rxf7+ Rxf7 43. exf7 Kf8 44. Bxg5 1-0

[Event "First Saturday of May tournament, FM group"]
[Site "Budapest"]
[Date "2000.05.09"]
[Round "4"]
[White "Van Hoolandt, Patrick"]
[Black "Szirmai, Eduard"]
[Result "1/2-1/2"]
[WhiteElo "2098"]
[BlackElo "2204"]
[EventDate "2000.05.06"]
[Source "365chess.com"]

1. c4 e5 2. Nc3 Nf6 3. g3 Bb4 4. Nf3 e4 5. Nd4 O-O 6. Bg2 Re8 7. O-O c6 8. d3
d5 9. cxd5 cxd5 10. Bg5 Bxc3 11. bxc3 Nbd7 12. dxe4 dxe4 13. Qa4 h6 14. Bxf6
Nxf6 15. Rfd1 Bd7 16. Qb3 Qc7 17. Rac1 Rac8 18. c4 b6 19. Qa3 Qc5 20. Qxc5 Rxc5
21. Nb3 Rc7 22. c5 bxc5 23. Rxc5 Rxc5 24. Nxc5 Bb5 25. e3 Bc4 26. Rd4 Bxa2
27. Ra4 Bb1 28. Rxa7 Rd8 29. h3 Rd1+ 30. Kh2 Rd2 31. Kg1 1/2-1/2

[Event "First Saturday of May tournament, FM group"]
[Site "Budapest"]
[Date "2000.05.10"]
[Round "5"]
[White "Bordás, Gyula"]
[Black "Van Hoolandt, Patrick"]
[Result "0-1"]
[WhiteElo "2132"]
[BlackElo "2098"]
[EventDate "2000.05.06"]
[Source "365chess.com"]

1. c4 e5 2. Nc3 Nf6 3. Nf3 Nc6 4. g3 d5 5. cxd5 Nxd5 6. Bg2 Nb6 7. a3 Be7 8. b4
Be6 9. Rb1 f6 10. O-O O-O 11. d3 a5 12. bxa5 Rxa5 13. Nd2 Ra8 14. Nb3 Nd4
15. Bxb7 Rb8 16. Na5 Rxb7 17. Nxb7 Qa8 18. a4 Qxb7 19. a5 Bh3 20. e4 Bxf1
21. Qxf1 Qc6 22. axb6 Qxc3 23. b7 Rb8 24. Bb2 Qb4 25. Bxd4 Qxd4 26. Qh3 Qxd3
27. Qe6+ Kf8 28. Ra1 Qd8 29. Qa6 Qd6 30. Qa7 c6 31. Ra6 Qc7 32. Rb6 c5 33. Qa6
c4 34. Rc6 Qxb7 35. Qxc4 Qb4 36. Qd5 Rd8 37. Qe6 Qe1+ 38. Kg2 Qxe4+ 39. Kh3 Qd5
0-1

[Event "First Saturday of May tournament, FM group"]
[Site "Budapest"]
[Date "2000.05.11"]
[Round "6"]
[White "Van Hoolandt, Patrick"]
[Black "Erdélyi, Zombor"]
[Result "1-0"]
[WhiteElo "2098"]
[BlackElo "2146"]
[EventDate "2000.05.06"]
[Source "365chess.com"]

1. c4 Nf6 2. g3 g6 3. Bg2 Bg7 4. Nc3 O-O 5. d3 d6 6. Rb1 a5 7. a3 Nc6 8. Nf3 e5
9. O-O h6 10. b4 axb4 11. axb4 Be6 12. b5 Ne7 13. Bb2 Nd7 14. Nd2 c6 15. Qc2 f5
16. Ra1 Qc7 17. bxc6 bxc6 18. Nb5 Qb6 19. Rxa8 Rxa8 20. Rb1 Ra2 21. Nc3 Ra7
22. Ba3 Qc7 23. Qb3 Kh7 24. Nf1 e4 25. dxe4 Ne5 26. Ne3 Nxc4 27. Nxc4 Bxc4
28. Qxc4 Rxa3 29. Nb5 Qa5 30. Nxa3 Qxa3 31. Qe6 d5 32. exd5 Qa2 33. Rf1 Nxd5
34. Bxd5 cxd5 35. Rd1 h5 36. Rxd5 h4 37. gxh4 Qc4 38. Rd6 Qg4+ 39. Kh1 Bd4
40. Qd7+ Bg7 41. Qe7 Qh3 42. Rd1 f4 43. Qe4 Qxh4 44. Rg1 Qh5 45. f3 Be5 46. Rg4
Kh6 47. Qd3 Kh7 48. Qd8 Kg7 49. Qe7+ Kg8 50. Qe8+ Kg7 51. Rxg6+ Qxg6 52. Qxe5+
Kh7 53. Qxf4 Qb1+ 54. Kg2 Qb2 55. Qf7+ Kh8 56. Qe7 Qb6 57. h4 Qg6+ 58. Qg5 Qc2
59. Qe5+ Kg8 60. h5 Qd2 1-0

[Event "First Saturday of May tournament, FM group"]
[Site "Budapest"]
[Date "2000.05.12"]
[Round "7"]
[White "Schlette, Marc"]
[Black "Van Hoolandt, Patrick"]
[Result "1-0"]
[WhiteElo "2166"]
[BlackElo "2098"]
[EventDate "2000.05.06"]
[Source "365chess.com"]

1. d4 g6 2. c4 Bg7 3. e4 d6 4. Nc3 Nd7 5. Nf3 e5 6. Be2 Nh6 7. O-O O-O 8. dxe5
dxe5 9. h3 f6 10. Be3 Nf7 11. Qc2 c6 12. c5 Qe7 13. Bd3 Nxc5 14. Nd5 cxd5
15. Bxc5 Nd6 16. Qb3 Be6 17. exd5 Bf7 18. Nd2 b6 19. Ba3 Qd7 20. Nc4 Nxc4
21. Bxc4 Rfd8 22. Rfd1 Bf8 23. Bb5 Qb7 24. Qf3 Rxd5 25. Rdc1 e4 26. Qe2 Rc8
27. Ba6 Rxc1+ 28. Rxc1 Qd7 29. Rc8 Be8 30. Rxe8 Qxe8 31. Bc4 Qe6 32. Qc2 Bxa3
33. Qb3 Rd1+ 34. Kh2 Bd6+ 35. g3 Qxc4 36. Qxc4+ Kg7 37. Qa4 Re1 38. Qd7+ 1-0

[Event "First saturday of May tournament, FM group"]
[Site "Budapest"]
[Date "2000.05.13"]
[Round "8"]
[White "Van Hoolandt, Patrick"]
[Black "Dombai, István"]
[Result "1/2-1/2"]
[WhiteElo "2098"]
[BlackElo "2128"]
[EventDate "2000.05.06"]
[Source "365chess.com"]

1. c4 Nf6 2. g3 g6 3. Bg2 Bg7 4. Nc3 O-O 5. d3 c5 6. a3 Nc6 7. Rb1 a5 8. e4 d6
9. Nge2 Nd4 10. Nxd4 cxd4 11. Nb5 Nd7 12. b4 Nb8 13. bxa5 Rxa5 14. Bg5 h6
15. Bd2 Ra8 16. O-O Nd7 17. f4 Nc5 18. Bb4 Na6 19. Be1 Bd7 20. f5 Nc5 21. Bb4
Na6 22. Bd2 Nc5 23. Bc1 Kh7 24. Qd2 Ra6 25. Bh3 Bxb5 26. Rxb5 Rb6 27. fxg6+ fxg6
28. Rxf8 Bxf8 29. Rxb6 Qxb6 30. Bf1 Bg7 31. Qb4 Qd8 32. Qe1 Qd7 33. Qf2 Qa4
34. Qb2 h5 35. Bg5 e5 36. Be2 Bh6 37. Bxh6 Kxh6 38. Qc1+ Kh7 39. Qg5 Qc2
40. Qe7+ Kh6 41. Qf8+ Kh7 1/2-1/2

[Event "First Saturday of May tournament, FM group"]
[Site "Budapest"]
[Date "2000.05.14"]
[Round "9"]
[White "Biró, Gergely"]
[Black "Van Hoolandt, Patrick"]
[Result "0-1"]
[WhiteElo "2089"]
[BlackElo "2098"]
[EventDate "2000.05.14"]
[Source "365chess.com"]

1. e4 e5 2. Nc3 Nf6 3. f4 d5 4. fxe5 Nxe4 5. d3 Nxc3 6. bxc3 d4 7. Nf3 Nc6
8. Be2 dxc3 9. d4 Bg4 10. Be3 Be7 11. O-O O-O 12. Qd3 Nb4 13. Qxc3 c5 14. Rfd1
Nd5 15. Qb3 Bxf3 16. Bxf3 c4 17. Qxb7 Nxe3 18. Qxa8 Qxa8 19. Bxa8 Nxd1 20. Bc6
Nc3 21. a4 Ne2+ 22. Kf2 Nxd4 23. Bd5 Bc5 24. Kg3 Nxc2 25. Rc1 Ne3 26. Bxc4 Ba3
27. Rc3 Nxc4 28. Rxc4 Re8 29. Rc7 a5 30. Kf4 f6 0-1

[Event "First Saturday of May tournament, FM group"]
[Site "Budapest"]
[Date "2000.05.16"]
[Round "11"]
[White "Van Hoolandt, Patrick"]
[Black "Radványi, Tibor"]
[Result "1-0"]
[WhiteElo "2098"]
[BlackElo "2133"]
[EventDate "2000.05.06"]
[Source "365chess.com"]

1. c4 Nf6 2. g3 e6 3. Nf3 b6 4. Bg2 Bb7 5. O-O Be7 6. b3 O-O 7. Bb2 c5 8. e3 d6
9. Nc3 Nbd7 10. Qe2 Re8 11. Rfd1 Rc8 12. Rac1 Qc7 13. d3 Qb8 14. Qf1 Qa8 15. Ne1
d5 16. cxd5 exd5 17. d4 Bf8 18. Bh3 Rcd8 19. dxc5 bxc5 20. Na4 Ne4 21. Bg2 Nb6
22. Nc3 f5 23. h4 Qc8 24. Bf3 Qe6 25. Qg2 Rd7 26. Ne2 Red8 27. Nf4 Qf7 28. Ned3
Rc7 29. Ne5 Qe8 30. Qh3 Bc8 31. Qf1 g6 32. Ned3 c4 33. bxc4 Nxc4 34. Qe2 Ba6
35. Bd4 Ba3 36. Rc2 Qa4 37. Ne6 Rdc8 38. Nxc7 Rxc7 39. Rb1 Bb5 40. Qd1 Qa6
41. Nc1 Qc6 42. Nb3 Ba4 43. Ba1 Bf8 44. Bg2 Qd6 45. Rbc1 Rd7 46. Bxe4 fxe4
47. Qd4 Bg7 48. Qc5 Bxa1 49. Qxd6 Rxd6 50. Rxa1 Kg7 51. Rd1 Bb5 52. Nd4 Ba4
53. Nb3 Bb5 54. Rcc1 Kf6 55. Kg2 h5 56. Nd2 Nxd2 57. Rxd2 Ke5 58. Rc7 a6
59. Re7+ Kf5 60. Rd4 Bd3 1-0

[Event "First Saturday of May tournament, FM group"]
[Site "Budapest"]
[Date "2000.05.17"]
[Round "12"]
[White "Metaxasz, Vaszilisz"]
[Black "Van Hoolandt, Patrick"]
[Result "1-0"]
[WhiteElo "2150"]
[BlackElo "2098"]
[EventDate "2000.05.06"]
[Source "365chess.com"]

1. c4 e5 2. g3 Nc6 3. Bg2 g6 4. Nc3 Bg7 5. e3 d6 6. Nge2 f5 7. d4 Nf6 8. O-O
O-O 9. b3 a5 10. a3 Rb8 11. Rb1 Bd7 12. Qc2 Kh8 13. Rd1 Qc8 14. d5 Nd8 15. b4
axb4 16. axb4 g5 17. f4 Nf7 18. Bd2 c6 19. Qb3 Qe8 20. c5 exf4 21. exf4 cxd5
22. fxg5 Ne4 23. Nxe4 fxe4 24. Bf4 Ba4 25. Qxd5 Bxd1 26. Rxd1 dxc5 27. Bxb8 Qxb8
28. Qf5 Ne5 29. Qxe4 cxb4 30. Qxb4 Qa7+ 31. Kh1 Qe3 32. Nf4 Ng4 33. Ng6+ hxg6
34. Qxg4 Re8 35. Qh4+ Kg8 36. Bd5+ Kf8 37. Rf1+ Ke7 38. Qb4+ Kd8 39. Qxb7 Qd4
40. Qa8+ Kc7 41. Qc6+ Kd8 42. Qd6+ Kc8 43. Rc1+ 1-0

[Event "First Saturday of May tournament, FM group"]
[Site "Budapest"]
[Date "2000.05.18"]
[Round "13"]
[White "Van Hoolandt, Patrick"]
[Black "Dudics, István"]
[Result "1-0"]
[WhiteElo "2098"]
[BlackElo "2051"]
[EventDate "2000.05.06"]
[Source "365chess.com"]

1. c4 c5 2. g3 g6 3. Bg2 Bg7 4. Nc3 Nc6 5. a3 a6 6. e3 e6 7. b4 cxb4 8. axb4
Rb8 9. d4 Nxb4 10. Ba3 a5 11. Qa4 Bf8 12. Nge2 Nd3+ 13. Kd2 Bxa3 14. Qxa3 Nb4
15. Qxa5 Qxa5 16. Rxa5 Ne7 17. Rb1 Nbc6 18. Ra2 O-O 19. f4 d6 20. d5 exd5
21. cxd5 Bd7 22. dxc6 Bxc6 23. Bxc6 bxc6 24. Rxb8 Rxb8 25. Ne4 Kg7 26. Ra7 Kf8
27. Nd4 c5 28. Rxe7 Kxe7 29. Nc6+ 1-0